| 000 | 00329nam a22001337a 4500 | ||
|---|---|---|---|
| 020 | _a978-93-81318-84-3 | ||
| 082 |
_a894.812 _bRAM/P |
||
| 100 | _aDr.K.R.RAMAN NAMBOOTHIRI | ||
| 245 |
_aPRAMEHAM _bVARATHIRIKKAN, NIYANTHRIKKAN |
||
| 260 |
_aTHRICHUR _bH & C BOOKS _c2012 |
||
| 300 | _a128 | ||
| 650 |
_aDIABETES _zKERALA |
||
| 942 | _cBK | ||
| 999 |
_c982 _d982 |
||